Europe Map Click Quiz in Italian - Statistics

General Stats
  • This quiz has been taken 91 times
  • The average score is 35 of 45
Answers on the Map
Answers color-coded by a green-red scale on the quiz's map according to % correct below.
 
Answer Stats
Answer % Correct
Francia
95%
Italia
94%
Portogallo
94%
Spagna
94%
Grecia
92%
Germania
91%
Irlanda
91%
Russia
91%
Danimarca
89%
Islanda
89%
Regno Unito
89%
Austria
88%
Finlandia
88%
Belgio
84%
Norvegia
84%
Lussemburgo
83%
Polonia
81%
Svizzera
81%
Estonia
80%
Svezia
80%
Olanda
78%
Ucraina
77%
Bielorussia
75%
Città del Vaticano
75%
Liechtenstein
75%
Malta
75%
San Marino
75%
Andorra
73%
Croazia
73%
Lettonia
73%
Lituania
73%
Monaco
73%
Repubblica Ceca
73%
Romania
73%
Moldavia
72%
Albania
70%
Bosnia ed Erzegovina
70%
Macedonia del Nord
70%
Slovacchia
70%
Kosovo
69%
Bulgaria
67%
Serbia
67%
Slovenia
66%
Ungheria
66%
Montenegro
59%
No matching quizzes found
Score Distribution
Percent of People with Each Score
Percentile by Number Answered
Your Score History
You have not taken this quiz